Statistics for Lakes in the Alps - Map Quiz

Click here to take the quiz!

General Stats

  • This quiz has been taken 154 times
  • The average score is 10 of 14

Answers on the Map

Answers color-coded by a green-red scale on the quiz's map according to % correct below.
 

Answer Stats

Answer% Correct
Lake Geneva
98%
Lake Constance (Bodensee)
87%
Lake Zürich
85%
Lake Garda
83%
Lake Como
78%
Lake Lucerne
75%
Lake Lugano
74%
Lake Neuchâtel
71%
Lake Maggiore
67%
Chiemsee
65%
Lake Iseo
63%
Lake Zug
61%
Lake Starnberg
59%
Lake Ammer
46%

Score Distribution

Percentile by Number Answered

Percent of People with Each Score

Your Score History

You have not taken this quiz